000 01549aam a2200289 4500
999 _c46367
_d46367
001 20013
003 CO-MdFUSB
005 20190202100233.0
008 170608t19631971enk||||f |||| 00| 0 eng d
020 _a334-01702-5
040 _aCO-MdFUSB
_bspa
_cCO-MdFUSB
_dCO-MdFUSB
_erda
041 _aeng
082 _224
_aG 230
_bM173t
100 1 _aMacquarrie, John
_eautor
245 1 5 _a20th religious thought
_b: The frontiers of philosophy and theology, 1900-1970
_c/ John Macquarrie
260 _a
264 4 _aLondon :
_bSCM Press,
_c©1963-1971
300 _a408 páginas
336 _2rdacontent
_atexto
_btxt
337 _2rdamedia
_asin mediación
_bn
338 _2rdacarrier
_avolumen
_bnc
500 _aIncluye índice (p. 395-408)
505 0 0 _aIdealismo absoluto - Idealismo personal - Filosofía del espíritu - La idea de valor en la filosofía y la teología - El positivismo y el naturalismo - Filosofía de la historia y la cultura - El cristianismo, la historia y las culturas - Interpretaciones sociológicas de la religión - El pragmatismo y puntos de vista afines - Filosofías de un ser personal - La conciencia religiosa y la fenomenología - El nuevo realismo - La nueva física, filosofía y teología - Metafísica realista y teología - Neotomismo y teología católica romana - Empirismo lógico - La teología de la palabra - La teología post-liberal en los países de habla Inglés - El existencialismo y la ontología
650 0 _aTeología doctrinal
_xHistoria
_9159
942 _cBK